Statistics for Advanced Geography Quiz

Click here to take the quiz!

General Stats

  • This quiz has been taken 487 times
    (426 since last reset)
  • The average score is 7 of 9

Answer Stats

HintAnswer% Correct
Which is the correct spelling? a: Tennesee b:Tenesse c:Tennesseec
96%
How many countries do you have to go through if you want to go from Finland to North Korea?1
91%
How many states does the US have?50
88%
Which is the correct spelling? a: Misisippi b: Mississippi c: Missisipib
88%
What is the capital city of Turkey?Ankara
83%
What is the capital city of Brazil?Brasilia
79%
What is the deepest point of the Earth?Mariana ditch
71%
Which river goes through Budapest, Hungary?Danube
67%
Which is the longest river in Great Britain?Severn
42%

Score Distribution

Percentile by Number Answered

Percent of People with Each Score

Your Score History

You have not taken this quiz since the last reset